[Event "Dubna op"]
[Site "Dubna"]
[Date "2007.08.07"]
[Round "7"]
[White "Nasonov, Vadim"]
[Black "Shutov, Boris"]
[Result "1-0"]
[WhiteElo "2264"]
[BlackElo "1955"]
[PlyCount "111"]
[EventDate "2007.08.02"]
[EventType "swiss"]
[EventRounds "14"]
[EventCountry "RUS"]
[SourceTitle "EXT 2008"]
[Source "ChessBase"]
[SourceDate "2007.11.25"]
[SourceVersion "1"]
[SourceVersionDate "2007.11.25"]
[SourceQuality "1"]

1. d4 d5 2. g3 c6 3. Bg2 Bf5 4. Nf3 h6 5. 0-0 Nf6 6. c4 e6 7. Nc3 Bd6 8. Nd2 0-0 9. e4 dxe4 10. Ndxe4 Nxe4 11. Nxe4 Be7 12. Nc3 Bf6 13. d5 exd5 14. cxd5 Bxc3 15. bxc3 cxd5 16. Bxd5 Nc6 17. Qf3 Qc8 18. c4 Nd4 19. Qd1 Nc6 20. Bb2 Be6 21. Rc1 Qd7 22. Re1 Bg4 23. Qb3 Kh8 24. Re4 Rae8 25. Rce1 Rxe4 26. Rxe4 Bf5 27. Qe3 Kh7 28. Rf4 Bg6 29. Qf3 Nd8 30. h4 Ne6 31. Qc3 f6 32. Rf3 b6 33. g4 Nc5 34. Qd4 h5 35. gxh5 Bxh5 36. Rg3 g6 37. Ba3 Qc8 38. Qf4 Qd7 39. Bc1 Qg7 40. Re3 g5 41. hxg5 Qxg5+ 42. Qxg5 fxg5 43. Re7+ Kg6 44. Rxa7 Bf3 45. Bxf3 Rxf3 46. Be3 Rf6 47. a4 Rc6 48. a5 bxa5 49. Rxa5 Ne6 50. c5 Kf5 51. Kf1 Ke4 52. Kg2 g4 53. Kg3 Kf5 54. Ra4 Rc8 55. Rxg4 Nxc5 56. Rg5+ 1-0

[Event "Dubna op"]
[Site "Dubna"]
[Date "2007.08.07"]
[Round "6"]
[White "Shutov, Boris"]
[Black "Larina, Marija"]
[Result "1/2-1/2"]
[WhiteElo "1955"]
[BlackElo "2092"]
[PlyCount "82"]
[EventDate "2007.08.02"]
[EventType "swiss"]
[EventRounds "14"]
[EventCountry "RUS"]
[SourceTitle "EXT 2008"]
[Source "ChessBase"]
[SourceDate "2007.11.25"]
[SourceVersion "1"]
[SourceVersionDate "2007.11.25"]
[SourceQuality "1"]

1. e4 c5 2. Nc3 Nc6 3. g3 g6 4. d3 Bg7 5. Bg2 e6 6. f4 Nge7 7. Nf3 d6 8. Be3 Nd4 9. Qd2 Nec6 10. h3 Qa5 11. a3 Bd7 12. 0-0 0-0 13. Qf2 b5 14. Qd2 Qb6 15. g4 f5 16. exf5 gxf5 17. Kh1 Nxf3 18. Bxf3 Rae8 19. Rg1 Nd4 20. Bg2 Bc6 21. Bxd4 Bxd4 22. Rgf1 Kh8 23. Rae1 Rg8 24. g5 a5 25. Nd1 h6 26. c3 Bf6 27. h4 Re7 28. Rf2 hxg5 29. fxg5 Be5 30. d4 cxd4 31. cxd4 Bg3 32. d5 Bxf2 33. Nxf2 Bd7 34. dxe6 Rxe6 35. Rxe6 Bxe6 36. Qc3+ Kh7 37. Qf6 Rg6 38. Qe7+ Kh8 39. h5 Qxf2 40. hxg6 Qh4+ 41. Kg1 Qe1+ 1/2-1/2